Histoire par lettre - D - Statistiques

Statistiques générales
  • Ce quiz a été pris 172 fois
  • Le résultat moyen est 8 sur 15
Statistiques - réponses
Questions Réponses % Correct
Quel naturaliste britannique est connu pour ses théories sur l'évolution des espèces ? Charles Darwin
95%
Quel pays possède le plus ancien drapeau encore utilisé, depuis 1536 ? Danemark
90%
Dans quelle ville a été édifié le bâtiment le plus haut jamais construit ? Dubaï
88%
Qui est le principal artisan de la rédaction de l'Encyclopédie ? Denis Diderot
86%
Quel officier français a été accusé de trahison puis soutenu par Emile Zola ? Alfred Dreyfus
85%
Quel révolutionnaire français, guillotiné en 1794, est notamment connu pour ses talents d'orateur ? Georges-Jacques Danton
74%
Quelle ville allemande a subi des attaques aériennes en février 1945 ? Dresde
60%
Quel président français est célèbre pour être tombé du train en 1920 ? Paul Deschanel
44%
Qui lui a succédé, puis a été assassiné en 1932 ? Paul Doumer
40%
Quel roi perse a perdu la bataille de Marathon ? Darius 1er
35%
Quel président français a été au pouvoir de 1924 à 1931 ? Gaston Doumergue
32%
Quelle bataille de la Première Guerre Mondiale a vu le désastre anglais mené par Winston Churchill ? Dardanelles
24%
Quel homme juif était le premier ministre britannique entre 1874 à 1880 ? Benjamin Disraeli
21%
Quel navigateur anglais a laissé son nom à un détroit située au sud de l'Argentine ? Francis Drake
10%
Quel homme militaire est considéré comme le meilleur général du Premier Empire ? Louis-Nicolas Davout
9%
Aucun quiz correspondant
Distribution des résultats
% des personnes avec chaque résultat
Percentile par nombre de réponses
Votre historique - résultats
Vous n’avez pas pris ce quiz